| 000 | 00592nam a2200181Ia 4500 | ||
|---|---|---|---|
| 003 | GCL | ||
| 008 | 140319s9999 xx 000 0 ara d | ||
| 040 |
_aGCL / _cGCL |
||
| 082 | 0 | 4 |
_a250.92 _bص ا |
| 100 | 1 | _aصلاح الدين بسيونى رسلان | |
| 245 | 1 | 0 |
_aالاخلاق والسياسة عند ابن حزم / _cصلاح الدين بسيونى رسلان |
| 300 | _a431 ص | ||
| 490 | _a | ||
| 650 | 0 | 4 | _aالفقه الاسلامى - مذاهب |
| 650 | 0 | 4 | _aابن حزم، ابومحمد على بن احمد |
| 650 | 0 | 4 | _aالفقهاء - تراجم |
| 942 |
_2ddc _cBK |
||
| 999 |
_c39682 _d39682 |
||